Quick Pick: 'C' Capitals Quiz Stats

Quiz Updated Feb 10, 2017

Challenge
Share
Tweet
Embed
Score 0/7 Timer 01:00
0 Plays Today
% Correct
Cairo
97.8%
Copenhagen
97.1%
Canberra
94.1%
Caracas
93.1%
Chisinau
76.8%
Castries
72.6%
Conakry
64.9%

Today's Daily Dose

You're not logged in!

Compare scores with friends on all Sporcle quizzes.
Sign Up with Email
OR
Log In

You Might Also Like...

Show Comments

Extras

Top Quizzes Today


Score Distribution

Your Account Isn't Verified!

In order to create a playlist on Sporcle, you need to verify the email address you used during registration. Go to your Sporcle Settings to finish the process.